000
00314nam a22001457a 4500
008
210429b ||||| |||| 00| 0 eng d
020
_a
0314068023
041
_a
eng
080
_a
33
082
_a
33
100
_a
58
101
_a
BIZ
245
_a
Ethics in the Workplace
_c
Robert A. Larmer
942
_2
udc
_c
BK
999
_c
56974
_d
56974